000 00551nam a22001937a 4500
003 KOHA_MİRAKIL
005 20250429182647.0
008 250429b tu ||||| |||| 00| 0 tur d
020 _a9786054927838
040 _aTR-AnABB
_btur
_cTR-AnABB
041 _atur
082 _a823.8
_bDOY 2018
100 1 _aDoyle, Arthur Conan,
245 1 0 _aKızıl dosya /
_cSir Arthur Conan Doyle
260 _aİstanbul :
_bKırmızı Kedi Yayınları,
_c2018
300 _a168 sayfa ;
_c19 cm
650 0 4 _aİngiliz edebiyatı, roman
942 _2ddc
_cBK
999 _c8879
_d8879
900 _bGizem YORULMAZ